00322nam a2200121Ia 4500008004000000082001300040100001700053245005500070260003900125300001100164440000600175650001900181210210b1977 xxu||||| |||| 00| 0 eng d a954 NAQR aNAGUI (S H). aReadings in Indian history. Vol 3. (modern India). aNew Delhi.bVarma Brothers.,c1977 avi,358 a3 aModern India